[Event "CHN League Women 2019"]
[Site "Daqing CHN"]
[Date "2019.06.22"]
[Round "4.4"]
[Board "3"]
[White "Huang, Mofei"]
[Black "Peng, Xinbei"]
[Result "1-0"]
[WhiteElo "1993"]
[BlackElo "1699"]
[WhiteTeam "Zhejiang"]
[BlackTeam "Guangdong"]
[WhiteFideId "8609535"]
[BlackFideId "8607680"]
[EventDate "2019.06.19"]
[EventType "team"]

1. d4 g6 2. c4 Bg7 3. e4 d6 4. Nc3 e6 5. Be3 Nf6 6. f3 Nbd7 7. Qd2 a6 8. O-O-O
O-O 9. h4 Qe7 10. Bg5 c6 11. h5 e5 12. d5 c5 13. g4 Rb8 14. Nge2 b5 15. Ng3 bxc4
16. Be2 Nb6 17. Rdg1 a5 18. Nf5 gxf5 19. gxf5 Kh8 20. h6 Rg8 21. hxg7+ Rxg7 22.
Rh6 Nbd7 23. Qe1 Ba6 24. Qh4 Rxg5 25. Qxg5 Rg8 26. Rxh7+ Kxh7 27. Qh4+ Nh5 28.
Qxh5# 1-0

[Event "CHN League Women 2019"]
[Site "Daqing CHN"]
[Date "2019.06.22"]
[Round "4.5"]
[Board "1"]
[White "Xiao, Yiyi"]
[Black "Ning, Kaiyu"]
[Result "0-1"]
[WhiteTitle "WFM"]
[BlackTitle "WFM"]
[WhiteElo "2356"]
[BlackElo "2306"]
[WhiteTeam "Tianjin"]
[BlackTeam "Shandong"]
[WhiteFideId "8606161"]
[BlackFideId "8614750"]
[EventDate "2019.06.19"]
[EventType "team"]

1. d4 d5 2. c4 e6 3. Nf3 Nf6 4. g3 dxc4 5. Bg2 Nc6 6. Qa4 Bb4+ 7. Bd2 Nd5 8.
Bxb4 Nxb4 9. O-O Rb8 10. Na3 O-O 11. Qb5 b6 12. Qxc4 Ba6 13. Nb5 Qe8 14. a4 Nd5
15. e4 Na5 16. Qc2 Nb4 17. Qxc7 Bxb5 18. axb5 Qxb5 19. Ne5 Rbc8 20. Qxa7 Nc2 21.
Rad1 Nxd4 22. Rxd4 Qxe5 23. Rd2 Nb3 24. Rdd1 Qb5 25. Rd6 Rb8 26. Rfd1 g6 27. h4
Na5 28. Qe7 Qxb2 29. h5 Qe5 30. R6d5 Nc6 31. Rxe5 Nxe7 32. Rb5 gxh5 33. Rd7 Ng6
34. f4 Rfd8 35. Rxd8+ Rxd8 36. f5 Nf8 37. Bf3 Rd3 38. Kf2 Nd7 39. fxe6 fxe6 40.
Rg5+ Kf7 41. Rxh5 Kg6 42. Rb5 Rc3 43. Rb2 Kf6 44. Ra2 Ke5 45. Rb2 Kd4 46. Bg4
Nc5 47. Rb4+ Ke5 48. Rxb6 Nxe4+ 49. Ke1 Nd6 50. Kf2 Rc2+ 51. Kg1 Rd2 52. Rb1 Rd4
53. Bf3 Nf5 54. Rb7 h6 55. Kg2 Kf6 56. Rb6 Nd6 57. Rb8 e5 58. Rf8+ Kg7 59. Ra8
e4 60. Be2 Kf6 61. Kf2 Nf5 62. Rf8+ Ke5 63. g4 Nd6 64. Rh8 Nf7 65. Re8+ Kd5 66.
Rf8 Ne5 67. Rd8+ Kc5 68. Rc8+ Nc6 69. Ke3 Ra4 70. Rh8 Ne7 71. Rxh6 Nd5+ 72. Kf2
Ra2 73. Rh2 Kd4 74. Kg3 Ra3+ 75. Kh4 Nf4 76. Bf1 Ra1 77. Bb5 Ra5 78. Rb2 e3 79.
g5 Kc3 80. Rb1 Kc2 81. Rf1 Ng2+ 82. Kg3 Rxb5 83. Kxg2 Rxg5+ 0-1

[Event "CHN League Women 2019"]
[Site "Daqing CHN"]
[Date "2019.06.22"]
[Round "4.5"]
[Board "2"]
[White "Yan, Tianqi"]
[Black "Chu, Ruotong"]
[Result "1/2-1/2"]
[BlackTitle "WIM"]
[WhiteElo "2036"]
[BlackElo "2204"]
[WhiteTeam "Shandong"]
[BlackTeam "Tianjin"]
[WhiteFideId "8615250"]
[BlackFideId "8605653"]
[EventDate "2019.06.19"]
[EventType "team"]

1. e4 e5 2. Nf3 Nf6 3. d4 Nxe4 4. Bd3 d5 5. Nxe5 Nd7 6. Nxd7 Bxd7 7. O-O Be7 8.
c4 Nf6 9. Nc3 dxc4 10. Bxc4 O-O 11. Bf4 c6 12. Re1 Bg4 13. f3 Bf5 14. Kh1 Qd7
15. d5 cxd5 16. Nxd5 Nxd5 17. Qxd5 Bb4 18. Red1 Rad8 19. Qxd7 Rxd7 20. Rxd7 Bxd7
21. Rd1 Bc6 22. a3 Be7 23. Be5 Rd8 24. Rxd8+ Bxd8 25. Kg1 Kf8 26. Kf2 f6 27. Bd4
b6 28. Ke3 Ke7 29. Bc3 Bc7 30. Bb4+ Bd6 31. Bxd6+ Kxd6 32. Kd4 1/2-1/2

[Event "CHN League Women 2019"]
[Site "Daqing CHN"]
[Date "2019.06.22"]
[Round "4.5"]
[Board "3"]
[White "Liu, Hongyan"]
[Black "Wang, Xiyue"]
[Result "1/2-1/2"]
[WhiteElo "2058"]
[BlackElo "1502"]
[WhiteTeam "Tianjin"]
[BlackTeam "Shandong"]
[WhiteFideId "8604789"]
[BlackFideId "8627711"]
[EventDate "2019.06.19"]
[EventType "team"]

1. d4 Nf6 2. c4 e6 3. g3 d5 4. Bg2 c6 5. Nf3 Nbd7 6. O-O Bd6 7. Qc2 O-O 8. b3
Re8 9. Bb2 Qe7 10. Nbd2 e5 11. cxd5 cxd5 12. dxe5 Nxe5 13. Nd4 Bd7 14. Nf5 Bxf5
15. Qxf5 Qd7 16. Qxd7 Nexd7 17. e3 Rac8 18. Rac1 Ne5 19. Bd4 a6 20. Bh3 Rc6 21.
Bxe5 Rxe5 22. Nf3 Re8 23. Nd4 Rc5 24. Rfd1 g6 25. Ne2 Rd8 26. Rxc5 Bxc5 27. Bg2
b6 28. h4 a5 29. Bf3 h6 30. Rd3 g5 31. hxg5 hxg5 32. Nc3 Kf8 33. Bxd5 Bb4 34. e4
Bxc3 35. Rxc3 Nxd5 36. Rd3 Ke7 37. exd5 Kf6 38. Kg2 Ke5 39. Kf3 Rxd5 40. Rxd5+
Kxd5 41. Kg4 Kc5 42. Kxg5 Kb4 43. Kf6 Ka3 44. Kxf7 Kxa2 45. g4 Kxb3 46. g5 a4
47. g6 a3 48. g7 a2 49. g8=Q a1=Q 50. Qg3+ Qc3 51. Ke6 Kc2 1/2-1/2

[Event "CHN League Women 2019"]
[Site "Daqing CHN"]
[Date "2019.06.22"]
[Round "4.6"]
[Board "1"]
[White "Zhou, Jingyi"]
[Black "Li, Yunshan"]
[Result "0-1"]
[BlackTitle "WFM"]
[WhiteElo "1630"]
[BlackElo "2264"]
[WhiteTeam "Chongqing"]
[BlackTeam "Chengdu"]
[WhiteFideId "8615322"]
[BlackFideId "8607664"]
[EventDate "2019.06.19"]
[EventType "team"]

1. e4 e5 2. Nf3 Nc6 3. Bc4 Bc5 4. d3 Nf6 5. c3 O-O 6. b4 Be7 7. Qb3 d6 8. h3 a5
9. b5 a4 10. Qc2 Na5 11. Qxa4 d5 12. exd5 Nxd5 13. Bxd5 Qxd5 14. Qe4 Qxe4+ 15.
dxe4 Nb3 16. axb3 Rxa1 17. Nfd2 Be6 18. c4 Bb4 19. O-O Rd8 20. Bb2 Ra2 21. Bc1
Bxd2 22. Nxd2 Rdxd2 23. Bxd2 Rxd2 0-1

[Event "CHN League Women 2019"]
[Site "Daqing CHN"]
[Date "2019.06.22"]
[Round "4.6"]
[Board "2"]
[White "Wei, Yaqing"]
[Black "Huang, Qianyi"]
[Result "1-0"]
[WhiteTitle "WCM"]
[WhiteElo "1612"]
[BlackElo "1298"]
[WhiteTeam "Chengdu"]
[BlackTeam "Chongqing"]
[WhiteFideId "8616787"]
[BlackFideId "8625999"]
[EventDate "2019.06.19"]
[EventType "team"]

1. e4 c5 2. Nf3 e6 3. d4 cxd4 4. Nxd4 a6 5. Bd3 Qc7 6. c4 Nf6 7. Qe2 d6 8. O-O
Be7 9. f4 Nbd7 10. Nc3 b6 11. Bd2 Bb7 12. Rae1 Nc5 13. Bc2 Rd8 14. b3 h5 15. Nf3
h4 16. Ng5 Nh5 17. Qg4 Nf6 18. Qh3 a5 19. Nb5 Qc6 20. Nd4 Qc7 21. Bc3 Rh5 22.
Ndf3 b5 23. e5 Nfd7 24. Qg4 Rh6 25. exd6 Bxd6 26. Bxg7 Bxf4 27. Bxh6 Nf6 28.
Qxh4 Ncd7 29. Nxe6 fxe6 30. Bxf4 1-0

[Event "CHN League Women 2019"]
[Site "Daqing CHN"]
[Date "2019.06.22"]
[Round "4.7"]
[Board "1"]
[White "Kuang, Yinghui"]
[Black "Li, Xinyang"]
[Result "1-0"]
[WhiteTitle "WIM"]
[WhiteElo "2200"]
[BlackElo "1400"]
[WhiteTeam "Shenzhen"]
[BlackTeam "Qingdao"]
[WhiteFideId "8600988"]
[BlackFideId "8622477"]
[EventDate "2019.06.19"]
[EventType "team"]

1. e4 c5 2. b3 e5 3. Nf3 Nc6 4. Bc4 h6 5. Nc3 Nf6 6. O-O d6 7. Re1 Be7 8. Nd5 a6
9. c3 b5 10. Bf1 Be6 11. Nxe7 Qxe7 12. Bb2 b4 13. cxb4 Nxb4 14. a3 Nc6 15. b4
cxb4 16. axb4 O-O 17. Bc3 Qb7 18. Qa4 Nb8 19. b5 Bc8 20. Bd3 Nfd7 21. Bb4 Nb6
22. bxa6 Nxa6 23. Bxa6 Rxa6 24. Qxa6 Qxa6 25. Rxa6 Bxa6 26. Bxd6 Re8 27. Bxe5
Bd3 28. Re3 Bc2 29. d3 Ra8 30. h4 Nd7 31. Bd4 Ra3 32. Ne1 Bb1 33. f4 Ra4 34. Bc3
Nc5 35. f5 g6 36. Rg3 Kh7 37. fxg6+ fxg6 38. Rf3 Kg8 39. Rf6 Nxd3 40. Rxg6+ Kf7
41. Rg7+ Kf8 42. Rb7 Nxe1 43. Rxb1 Nd3 44. Rb6 Rxe4 45. Rxh6 Re2 46. h5 Ne5 47.
Rh8+ Kf7 48. h6 Ng6 49. Rh7+ Kf8 50. Rg7 Ne5 51. Bb4+ Ke8 52. h7 Nf7 53. Rxf7 1-0

[Event "CHN League Women 2019"]
[Site "Daqing CHN"]
[Date "2019.06.22"]
[Round "4.7"]
[Board "2"]
[White "Chen, Qianru"]
[Black "Xu, Tong"]
[Result "0-1"]
[BlackTitle "WIM"]
[WhiteElo "1255"]
[BlackElo "2131"]
[WhiteTeam "Qingdao"]
[BlackTeam "Shenzhen"]
[WhiteFideId "8620350"]
[BlackFideId "8601739"]
[EventDate "2019.06.19"]
[EventType "team"]

1. d4 Nf6 2. c3 g6 3. Nf3 Bg7 4. Bg5 d6 5. e3 O-O 6. Nbd2 Nbd7 7. Bd3 c5 8. O-O
Rb8 9. Qe2 a6 10. a4 Re8 11. Rfd1 Qc7 12. Qf1 Qc6 13. Be2 b5 14. axb5 axb5 15.
b3 e5 16. dxe5 dxe5 17. h3 e4 18. Nh2 Nd5 19. Bxb5 Rxb5 20. c4 Rb4 21. cxd5 Qxd5
22. Bf4 Bxa1 23. Nc4 Bd4 24. exd4 cxd4 25. Nd6 Rf8 26. Qe1 Rxb3 27. Qxe4 Qxe4
28. Nxe4 d3 29. Ng4 f5 30. Nd2 fxg4 31. Nxb3 Rxf4 32. Rxd3 gxh3 33. Rxh3 Nf6 34.
Rd3 Bf5 35. Rd8+ Kf7 36. Nd4 Bd7 37. Nf3 Ke7 38. Rb8 Ng4 39. Rb2 Bc6 40. Ne1 Rd4
41. Re2+ Kd6 42. f3 Bb5 43. Rb2 Rd1 44. fxg4 Rxe1+ 45. Kf2 Re5 46. Ra2 Bd7 47.
Ra7 Rd5 48. Ke3 Ke5 49. g3 h6 50. Ra6 Be6 51. Rb6 Ra5 52. Rb4 Ra3+ 53. Kf2 Ra2+
54. Ke3 Rg2 55. Re4+ Kf6 56. Rf4+ Kg5 57. Re4 Bxg4 58. Re5+ Kf6 59. Ra5 Rxg3+
60. Kf4 Rg1 61. Ra6+ Be6 0-1

[Event "CHN League Women 2019"]
[Site "Daqing CHN"]
[Date "2019.06.23"]
[Round "5.1"]
[Board "1"]
[White "Bai, Xue"]
[Black "Ni, Shiqun"]
[Result "0-1"]
[BlackTitle "WGM"]
[WhiteElo "2093"]
[BlackElo "2416"]
[WhiteTeam "Zhejiang"]
[BlackTeam "Shanghai"]
[WhiteFideId "8608717"]
[BlackFideId "8608466"]
[EventDate "2019.06.19"]
[EventType "team"]

1. e4 e5 2. Nf3 Nc6 3. Bb5 a6 4. Ba4 Nf6 5. O-O b5 6. Bb3 Be7 7. Re1 O-O 8. h3
d6 9. c3 Bb7 10. d4 Re8 11. Nbd2 Bf8 12. a3 g6 13. Bc2 Bg7 14. Nf1 Nh5 15. Ng3
Nxg3 16. fxg3 Na5 17. b3 exd4 18. cxd4 c5 19. Bb2 Nc6 20. Qd2 cxd4 21. Nxd4 Qb6
22. Rad1 d5 23. Kh2 Nxd4 24. Bxd4 Bxd4 25. Qxd4 Qxd4 26. Rxd4 Re7 27. Re3 Rc8
28. Rd2 dxe4 29. g4 Rec7 30. Bb1 f5 31. gxf5 gxf5 32. Kg3 Rc1 33. Ba2 Rf1 34.
b4+ Kf8 35. Kh4 f4 36. Ree2 Ke7 37. Rd4 Rd8 38. Rdxe4+ Bxe4 39. Rxe4+ Kf8 40.
Be6 Rd2 41. Bg4 Rxg2 42. Re6 f3 43. Rxa6 f2 44. Ra8+ Ke7 45. Ra7+ Kd6 46. Be2
Re1 47. Bxb5 Re4+ 0-1

[Event "CHN League Women 2019"]
[Site "Daqing CHN"]
[Date "2019.06.23"]
[Round "5.1"]
[Board "2"]
[White "Zhang, Xiaowen"]
[Black "Huang, Mofei"]
[Result "1/2-1/2"]
[WhiteTitle "WGM"]
[WhiteElo "2314"]
[BlackElo "1993"]
[WhiteTeam "Shanghai"]
[BlackTeam "Zhejiang"]
[WhiteFideId "8603219"]
[BlackFideId "8609535"]
[EventDate "2019.06.19"]
[EventType "team"]

1. e4 c6 2. d4 d5 3. Nd2 dxe4 4. Nxe4 Bf5 5. Ng3 Bg6 6. h4 h6 7. Nf3 Nd7 8. h5
Bh7 9. Bd3 Bxd3 10. Qxd3 e6 11. Bd2 Ngf6 12. O-O-O Be7 13. Kb1 O-O 14. Ne4 Nxe4
15. Qxe4 Nf6 16. Qe2 Qd5 17. Be3 b5 18. Nd2 b4 19. g4 Rfb8 20. Rhg1 Qb5 21. Qxb5
Rxb5 22. Nc4 Nd5 23. Ne5 Rc8 24. Nd3 a5 25. Bd2 Bf6 26. a4 bxa3 27. c4 Rb3 28.
Bxa5 Ne7 29. Ka2 Rb7 30. bxa3 Bxd4 1/2-1/2

[Event "CHN League Women 2019"]
[Site "Daqing CHN"]
[Date "2019.06.23"]
[Round "5.2"]
[Board "1"]
[White "Shen, Yang"]
[Black "Gu, Tianlu"]
[Result "1-0"]
[WhiteTitle "IM"]
[BlackTitle "WIM"]
[WhiteElo "2419"]
[BlackElo "2183"]
[WhiteTeam "Jiangsu"]
[BlackTeam "Hangzhou"]
[WhiteFideId "8603162"]
[BlackFideId "8603995"]
[EventDate "2019.06.19"]
[EventType "team"]

1. d4 Nf6 2. c4 e6 3. Nc3 d5 4. Bg5 Be7 5. e3 Nbd7 6. Rc1 h6 7. Bh4 c6 8. Nf3
O-O 9. a3 b6 10. cxd5 exd5 11. Bd3 Ne4 12. Bg3 f5 13. O-O Bb7 14. b4 Kh7 15. Bb1
a5 16. Qb3 Ba6 17. b5 Nxc3 18. bxa6 Ne2+ 19. Kh1 Nxc1 20. Rxc1 a4 21. Qa2 Qc8
22. Bd3 Nf6 23. Qb1 Ne4 24. Qxb6 Nxg3+ 25. hxg3 Rf6 26. Qa5 Bxa3 27. Ra1 Be7 28.
Qxa4 c5 29. dxc5 Qxc5 30. Nd4 g6 31. Rb1 Ra7 32. Qa2 Qa3 33. Qe2 Qc5 34. Qf3 Bf8
35. g4 f4 36. Ne2 Kg8 37. exf4 Rd7 38. g3 Qa3 39. Kg2 Bc5 40. Rb7 Rd8 41. Ng1
Qa2 42. Nh3 Rxa6 43. Bxa6 Qxa6 44. Rb3 Qe6 45. f5 gxf5 46. gxf5 Qe4 47. Rd3
Qxf3+ 48. Kxf3 Bb6 49. Nf4 d4 50. Ne6 Rd7 51. Ke4 Kf7 52. g4 Ra7 53. Rb3 Ra6 54.
f4 d3 55. Rxd3 Ra4+ 56. Kd5 Ra1 57. Rh3 Rg1 58. Rxh6 Be3 59. Rg6 Rd1+ 60. Ke4
Bc1 61. Rg7+ Ke8 62. f6 1-0

[Event "CHN League Women 2019"]
[Site "Daqing CHN"]
[Date "2019.06.23"]
[Round "5.2"]
[Board "2"]
[White "Zhou, Zirun"]
[Black "Guo, Qi"]
[Result "1/2-1/2"]
[BlackTitle "IM"]
[WhiteElo "2141"]
[BlackElo "2367"]
[WhiteTeam "Hangzhou"]
[BlackTeam "Jiangsu"]
[WhiteFideId "8610975"]
[BlackFideId "8604002"]
[EventDate "2019.06.19"]
[EventType "team"]

1. d4 Nf6 2. c4 e6 3. Nc3 Bb4 4. e3 O-O 5. Bd3 d5 6. Nf3 b6 7. cxd5 exd5 8. O-O
Bb7 9. a3 Bd6 10. b4 a6 11. Qb3 Qe7 12. b5 axb5 13. Nxb5 Nbd7 14. a4 Rfc8 15.
Nxd6 Qxd6 16. Ba3 c5 17. Bf5 Bc6 18. a5 Rxa5 19. Bxc5 Qb8 20. Rxa5 bxa5 21. Qa3
a4 22. Rb1 Qa8 23. Ne5 g6 24. Nxc6 Qxc6 25. Bxd7 Nxd7 26. h3 h5 27. Ra1 Ra8 28.
Rc1 Rc8 29. Ra1 Ra8 30. Rc1 Rc8 1/2-1/2

[Event "CHN League Women 2019"]
[Site "Daqing CHN"]
[Date "2019.06.23"]
[Round "5.2"]
[Board "3"]
[White "Zhang, Xiao"]
[Black "Zhao, Shengxin"]
[Result "1/2-1/2"]
[BlackTitle "WFM"]
[WhiteElo "2234"]
[BlackElo "2135"]
[WhiteTeam "Jiangsu"]
[BlackTeam "Hangzhou"]
[WhiteFideId "8610894"]
[BlackFideId "8608040"]
[EventDate "2019.06.19"]
[EventType "team"]

1. d4 Nf6 2. c4 e6 3. Nf3 d5 4. e3 b6 5. cxd5 exd5 6. Nc3 Bb7 7. Be2 Bd6 8. O-O
Nbd7 9. b3 a6 10. Bb2 O-O 11. Rc1 Re8 12. h3 h6 13. Bd3 Ne4 14. Bb1 Qe7 15. Qc2
Rac8 16. Rfd1 Ndf6 17. Nxe4 Nxe4 18. Qd3 Ba3 19. Bxa3 Qxa3 20. Ne5 c5 21. f3 Nf6
22. Ng4 Nxg4 23. Qh7+ Kf8 24. fxg4 cxd4 25. Rxc8 Rxc8 26. Qh8+ Ke7 27. Qxg7 Rc1
28. Qxd4 Rxd1+ 29. Qxd1 Kd6 30. Qf1 Qb2 31. Kh2 Qe5+ 32. Qf4 d4 33. Qxe5+ Kxe5
34. exd4+ Kxd4 35. Kg3 Ke3 36. h4 f6 37. Bc2 a5 38. Bf5 Bd5 39. Bd7 Be4 40. a3
Bd5 41. b4 axb4 42. axb4 Be4 43. b5 Bd5 44. Be8 Bb7 45. Bd7 Bd5 46. Bc6 Be6 47.
Bf3 Bd7 48. Bc6 Be6 49. Bb7 Bd7 50. Bc6 Kd4 1/2-1/2

[Event "CHN League Women 2019"]
[Site "Daqing CHN"]
[Date "2019.06.23"]
[Round "5.3"]
[Board "1"]
[White "Zhai, Mo"]
[Black "Song, Yuxin"]
[Result "1/2-1/2"]
[WhiteTitle "WGM"]
[BlackTitle "WIM"]
[WhiteElo "2358"]
[BlackElo "2308"]
[WhiteTeam "Hebei"]
[BlackTeam "Beijing"]
[WhiteFideId "8600201"]
[BlackFideId "8614300"]
[EventDate "2019.06.19"]
[EventType "team"]

1. d4 Nf6 2. c4 e6 3. Nf3 b6 4. g3 Bb7 5. Bg2 Bb4+ 6. Bd2 Be7 7. O-O c6 8. Nc3
d5 9. Qb3 Nbd7 10. cxd5 cxd5 11. a4 a6 12. Rac1 O-O 13. Bf4 Nh5 14. Bd2 Nhf6 15.
Rc2 Rc8 16. Rfc1 Rc4 17. Na2 Rxc2 18. Rxc2 Qb8 19. Bb4 Bxb4 20. Nxb4 Rc8 21. e3
a5 22. Nd3 Rxc2 23. Qxc2 Qc8 24. Qxc8+ Bxc8 25. Bf1 Ba6 26. Nde5 Bxf1 27. Kxf1
Kf8 28. Ke2 Ke7 29. Nc6+ Kd6 30. Nce5 Ke7 31. Nc6+ 1/2-1/2

[Event "CHN League Women 2019"]
[Site "Daqing CHN"]
[Date "2019.06.23"]
[Round "5.3"]
[Board "2"]
[White "Wang, Yu A."]
[Black "Yang, Yijing"]
[Result "1/2-1/2"]
[WhiteTitle "IM"]
[BlackTitle "WCM"]
[WhiteElo "2280"]
[BlackElo "2135"]
[WhiteTeam "Beijing"]
[BlackTeam "Hebei"]
[WhiteFideId "8601097"]
[BlackFideId "8608601"]
[EventDate "2019.06.19"]
[EventType "team"]

1. e4 e6 2. d4 d5 3. Nc3 Bb4 4. exd5 exd5 5. Bd3 c6 6. Ne2 Ne7 7. O-O O-O 8. Bg5
f6 9. Bf4 Bf5 10. Ng3 Bxd3 11. Qxd3 Bd6 12. Bxd6 Qxd6 13. Rfe1 Na6 14. Re2 Rae8
15. Rae1 Nc7 16. Nd1 Ng6 17. Rxe8 Rxe8 18. Rxe8+ Nxe8 19. c3 Qe6 20. Qe3 Kf7 21.
Qxe6+ Kxe6 22. Nh5 Ne7 23. Ne3 Nc8 24. Kf1 Ncd6 25. Nf4+ Kd7 26. Ke2 Nc7 27. f3
Ne6 28. Nxe6 Kxe6 29. Kd3 Nc8 30. b3 b5 1/2-1/2

[Event "CHN League Women 2019"]
[Site "Daqing CHN"]
[Date "2019.06.23"]
[Round "5.3"]
[Board "3"]
[White "Li, Zimeng"]
[Black "Liu, Xianglin"]
[Result "1-0"]
[WhiteElo "1572"]
[BlackElo "2188"]
[WhiteTeam "Hebei"]
[BlackTeam "Beijing"]
[WhiteFideId "8624500"]
[BlackFideId "8602409"]
[EventDate "2019.06.19"]
[EventType "team"]

1. e4 c5 2. Nf3 Nc6 3. d4 cxd4 4. Nxd4 e5 5. Nb5 a6 6. Nd6+ Bxd6 7. Qxd6 Qe7 8.
Qxe7+ Ngxe7 9. Nc3 d5 10. a3 Be6 11. exd5 Nxd5 12. Ne4 O-O 13. Bd3 Nf4 14. Bxf4
exf4 15. Ng5 h6 16. Nxe6 fxe6 17. O-O Rad8 18. Rfe1 Kf7 19. Bc4 Rd6 20. Re4 g5
21. Rae1 Re8 22. c3 Kf6 23. g3 fxg3 24. hxg3 e5 25. f4 gxf4 26. gxf4 Re7 27. Rf1
Kg7 28. fxe5 Nxe5 29. Kh1 Rg6 30. Rf5 Rg5 31. Rxg5+ hxg5 32. Bd5 Kf6 33. Rb4 b5
34. Rd4 g4 35. Kg2 Kg5 36. Kg3 Ng6 37. Rxg4+ Kf6 38. Re4 Ne5 39. Rf4+ Kg5 40.
Rd4 Rc7 41. Kf2 Kf5 42. Ba2 Re7 43. Bb1+ Ke6 44. Be4 Rc7 45. a4 Nc6 46. Bxc6
Rxc6 47. axb5 axb5 48. Ke3 Ke5 49. Kd3 Rc8 50. Kc2 Rc5 51. Kb3 Ke6 52. Kb4 Rh5
53. Rd8 Ke7 54. Rb8 Kd7 55. Rxb5 Rh4+ 56. c4 Kc6 57. b3 Rh1 58. Rg5 1-0

[Event "CHN League Women 2019"]
[Site "Daqing CHN"]
[Date "2019.06.23"]
[Round "5.4"]
[Board "2"]
[White "Hong, Xing"]
[Black "Ren, Xiaoyi"]
[Result "1/2-1/2"]
[WhiteElo "1986"]
[BlackElo "2255"]
[WhiteTeam "Hunan"]
[BlackTeam "Chengdu"]
[WhiteFideId "8606129"]
[BlackFideId "8608709"]
[EventDate "2019.06.19"]
[EventType "team"]

1. e4 c5 2. Ne2 d6 3. g3 Nf6 4. Bg2 g6 5. O-O Bg7 6. c3 O-O 7. d4 e5 8. h3 b6 9.
f4 Bb7 10. fxe5 dxe5 11. d5 Ne8 12. Qc2 Nd6 13. Nd2 Nd7 14. Nf3 h6 15. Be3 Rc8
16. Nh4 Kh7 17. Kh2 Bf6 18. Nf3 Bg7 19. Nh4 Bf6 20. Nf3 Bg7 21. Nh4 Bf6 22. Nf3 1/2-1/2

[Event "CHN League Women 2019"]
[Site "Daqing CHN"]
[Date "2019.06.23"]
[Round "5.5"]
[Board "1"]
[White "Ning, Kaiyu"]
[Black "Kuang, Yinghui"]
[Result "1-0"]
[WhiteTitle "WFM"]
[BlackTitle "WIM"]
[WhiteElo "2306"]
[BlackElo "2200"]
[WhiteTeam "Shandong"]
[BlackTeam "Shenzhen"]
[WhiteFideId "8614750"]
[BlackFideId "8600988"]
[EventDate "2019.06.19"]
[EventType "team"]

1. d4 Nf6 2. c4 e6 3. g3 Bb4+ 4. Bd2 Qe7 5. Nf3 Bxd2+ 6. Qxd2 d6 7. Bg2 O-O 8.
Nc3 e5 9. O-O Re8 10. e4 Bg4 11. d5 Bxf3 12. Bxf3 Nbd7 13. Bg2 a6 14. Rfd1 Reb8
15. Bf1 h6 16. f3 Nh7 17. b4 b6 18. Rdc1 Rf8 19. Bd3 Kh8 20. Rab1 Rg8 21. Nd1 h5
22. Ne3 g6 23. Kf2 Ra7 24. Ke2 Kg7 25. Rg1 a5 26. b5 Nc5 27. Rbf1 Kh8 28. Kd1
Raa8 29. Kc1 Qd7 30. Bc2 Qe7 31. Kb1 f6 32. h4 Qg7 33. Nd1 Nf8 34. g4 Qh7 35. f4
Nfd7 36. fxe5 Nxe5 37. gxh5 gxh5 38. Qf4 Rg6 39. Rxg6 Qxg6 40. Ne3 Ncd7 41. Kb2
Rg8 42. Kc3 Qh7 43. Bd1 Rg6 44. Kd4 Qh6 45. Qxh6+ Rxh6 46. Rg1 Kh7 47. Rg2 Nf8
48. Rf2 Kh8 49. Nf5 Rg6 50. Bxh5 Rg1 51. Ne3 Nfd7 52. Bd1 Rh1 53. h5 Nc5 54.
Rxf6 Rh4 55. Bc2 Rxh5 56. Rf8+ Kh7 57. Rc8 Rh2 58. Rxc7+ Kg6 59. Rc8 Rd2+ 60.
Kc3 Rh2 61. Rd8 Rh3 62. Kd2 Nf3+ 63. Kc1 Ne5 64. Rxd6+ Kf7 65. Nd1 Nxc4 66. Rc6
Ra3 67. Rxc5 bxc5 68. Bb3 Nd6 69. Kb2 Nxb5 70. Nc3 Nxc3 71. Kxc3 a4 72. Kb2 1-0

[Event "CHN League Women 2019"]
[Site "Daqing CHN"]
[Date "2019.06.23"]
[Round "5.5"]
[Board "2"]
[White "Xu, Tong"]
[Black "Yan, Tianqi"]
[Result "1-0"]
[WhiteTitle "WIM"]
[WhiteElo "2131"]
[BlackElo "2036"]
[WhiteTeam "Shenzhen"]
[BlackTeam "Shandong"]
[WhiteFideId "8601739"]
[BlackFideId "8615250"]
[EventDate "2019.06.19"]
[EventType "team"]

1. e4 c5 2. Nf3 e6 3. d3 d5 4. Nbd2 Nc6 5. g3 Nf6 6. Bg2 Qc7 7. O-O dxe4 8. dxe4
e5 9. c3 Be7 10. Qe2 O-O 11. Nc4 Be6 12. Nfd2 Rad8 13. Ne3 Qc8 14. Re1 Rfe8 15.
Ndf1 a6 16. b3 b5 17. Bb2 b4 18. c4 Nd4 19. Bxd4 cxd4 20. Nd5 Bg4 21. f3 Nxd5
22. cxd5 Bd7 23. Rac1 Qb7 24. f4 f6 25. Nd2 Bb5 26. Nc4 Qb8 27. fxe5 fxe5 28.
Bh3 Bg5 29. Rcd1 Be3+ 30. Kg2 Rf8 31. Rf1 Rxf1 32. Rxf1 Rf8 33. Be6+ Kh8 34.
Rxf8+ Qxf8 35. Qf3 Qxf3+ 36. Kxf3 Bg5 37. Nxe5 Bf6 38. Nf7+ Kg8 39. e5 d3 40.
Ke3 Be7 41. Nd6+ Kf8 42. Nxb5 axb5 43. d6 Bd8 44. Kxd3 Bb6 45. Bd7 Bc5 46. Ke4 1-0

[Event "CHN League Women 2019"]
[Site "Daqing CHN"]
[Date "2019.06.23"]
[Round "5.6"]
[Board "1"]
[White "Liu, Manli"]
[Black "Hu, Yu A."]
[Result "1/2-1/2"]
[WhiteElo "2159"]
[BlackElo "2073"]
[WhiteTeam "Guangdong"]
[BlackTeam "Heilongjiang"]
[WhiteFideId "8608121"]
[BlackFideId "8609993"]
[EventDate "2019.06.19"]
[EventType "team"]

1. e4 c5 2. Nf3 d6 3. d4 cxd4 4. Nxd4 Nf6 5. Nc3 a6 6. Be2 e5 7. Nb3 Be7 8. Bg5
Be6 9. Bxf6 Bxf6 10. Qd3 Nc6 11. O-O-O Qb6 12. Nd5 Bxd5 13. exd5 Nd4 14. Nxd4
Qxd4 15. Qxd4 exd4 16. f4 h5 17. Bd3 Kd7 18. Kd2 Rhe8 19. Rde1 g6 20. Rxe8 Rxe8
21. Re1 Rxe1 22. Kxe1 Bd8 23. Kd2 f5 24. Be2 Bf6 25. Kd3 Ke7 26. g3 Bg7 27. b3
Kd7 28. a4 a5 29. Bf3 Kc7 30. Kc4 b6 31. Bg2 Bf6 1/2-1/2

[Event "CHN League Women 2019"]
[Site "Daqing CHN"]
[Date "2019.06.23"]
[Round "5.6"]
[Board "2"]
[White "Jiang, Zhaoyi"]
[Black "Du, Yuxin"]
[Result "1/2-1/2"]
[WhiteTitle "WCM"]
[WhiteElo "1952"]
[BlackElo "1973"]
[WhiteTeam "Heilongjiang"]
[BlackTeam "Guangdong"]
[WhiteFideId "8611050"]
[BlackFideId "8610282"]
[EventDate "2019.06.19"]
[EventType "team"]

1. d4 Nf6 2. Nf3 e6 3. g3 d5 4. Bg2 Nbd7 5. c4 Bb4+ 6. Bd2 Be7 7. Nc3 c6 8. Bf4
O-O 9. O-O dxc4 10. a4 Nd5 11. Nd2 Nxf4 12. gxf4 Nb6 13. e3 a5 14. Qe2 c5 15.
dxc5 Bxc5 16. Nxc4 Nxc4 17. Qxc4 Bb4 18. Rfd1 Qh4 19. Rd4 h6 20. Rad1 Qe7 21.
Qd3 Rb8 22. Rd8 b6 23. Nb5 Ba6 24. Rxf8+ Rxf8 25. Qd4 Bxb5 26. axb5 Bc5 27. Qd2
Qf6 28. b3 Bb4 29. Qd4 Qxd4 30. Rxd4 Bc5 31. Rd7 g5 32. fxg5 hxg5 1/2-1/2